The Mafia Quiz - Statistics

General Stats
  • This quiz has been taken 23,206 times
    22,883 since last reset
  • The average score is 11 of 18
Answer Stats
Hint Answer % Correct
Island on which the Mafia originated Sicily
95%
Mobster who ran the Chicago outfit in the 1920s Al Capone
84%
Illegal product sold by the above Alcohol
80%
Former Birmingham gang that supposedly wore razor blades in the bills of their hats Peaky {Blinders}
78%
Common name for the Japanese mafia Yakuza
74%
Medellín-based drug lord who had a net worth estimated at $30 billion Pablo Escobar
70%
Crime for which he was eventually convicted Tax evasion
69%
Term for a major criminal organization which traffics drugs Cartel
68%
In the early 2000s, Afghanistan was the world's leading supplier of this illegal product Opium
68%
Los Angeles street gang that wears red and are rivals of the Crips Bloods
66%
Three letter title of respect for a high-ranking leader in the Italian mafia Don
62%
Crime family from the movie "The Godfather" Corleone
61%
Term for a fully-initiated member of the Mafia {Made} man
49%
English translation of "Cosa Nostra", the mafia's name for itself {Our} {thing}
40%
Common name for a Chinese crime syndicate Triad
40%
Sporting event that was allegedly fixed in 1919 by racketeer Arnold Rothstein World Series
40%
The Italian mafia in New York was once known for its "five families". Name any one of them. Bonanno | Colombo | Gambino | Genovese | Lucchese
31%
Drug gang founded by a former Mexican special forces soldier which gets its name from a letter in the Spanish alphabet Zetas
15%
No matching quizzes found
Score Distribution
Percent of People with Each Score
Percentile by Number Answered
Your Score History
You have not taken this quiz since the last reset